000 00661nam a2200241Ia 4500
003 OSt
005 20220924125529.0
006 a|||||r|||| 00| 0
007 ta
008 220923b |||||||| |||| 00| 0 urd d
020 _c4.00
024 _a322264
037 _cTextual
040 _aARTS
_cARTS
_burd
041 _2urd
_aurd
082 _aT.2.N7, 168M4
100 _aSuroor Ale Ahmad Au.
245 0 _aHamari taleemi soorat-e-haal
260 _aSrinagar
_bIqbal academy insturdte India
_c1984
650 _aEDUCATION - INDIA
_95357
942 _hT.2.N7, 168M4
_cTEXL
_2CC
999 _c422884
_d422884